00533cam a2200169 4500001001100000008004100011035001500052050002700067100002500094245006600119260003800185300002000223440003400243500001200277650003500289650003900324BFIL009016 1906 spa  aBFIL009016 4aPQ7797b.P3S6 P39 19061 aPayro, Roberto Jorge 0aSobre las ruinas... : drama en cuatro actos /cRoberto Payro. aBarcelona :bAntonio Lopez,c1906 a96 p. ;c18 cm. 0aTeatro Antiguo y Moderno ; 34 a1 ejem. 4aTeatro ArgentinoxSiglo XIX-XX 4aLiteratura ArgentinaxSiglo XIX-XX